Письма разных лиц Д.Н. Шереметеву о поднесении книг, нот и других произведений. Письма Татьяны Васильевны Шлыковой графу Д.Н. Ше...

Доступно только в Электронных читальных залах Найти на картеНа карте
RUSMARC
00003760nmc2a22002413x 450
00136f722f9-8fa8-4e0d-844b-6ee5f2bbeae7
00520230908095911.0
100##$a20230510l18321868k l0rusy0189 ca
1010#$arus
102##$aRU
105##$ay###
1222#$ad
2001#$aПисьма разных лиц Д.Н. Шереметеву о поднесении книг, нот и других произведений. Письма Татьяны Васильевны Шлыковой графу Д.Н. Шереметеву и письма ей Шереметева
$j10 января 1832 г. - 1868 г.
215##$a87 л.
$d31х23,5 см
251##$cДело
300##$aГраф Дмитрий Николаевич Шереметев и его семья. Переписка. Письма разных лиц Д.Н. Шереметеву
371##$aДокумент не является опубликованным и широко распространяемым
461#0$100198b93a77-94f0-46bb-a7e0-b5027cc72a67
$12001
$aШереметевы, графы
$1251
$cФонд
$1852
$j1088
462#0$1001d3ce280e-361b-49f4-86d2-e1a120f828b4
$12001
$aЛичные документы, переписка и документы, связанные со служебной и общественной деятельностью графов Бориса Петровича, Петра Борисовича, Николая Петровича и Дмитрия Шереметевых
$1251
$cОпись
$1852
$j1
801#0$aRU
$bРГИА
$c20230510
$gRCR
801#1$aRU
$bГлавНИВЦ
$c20230510
$2rusmarc
801#2$aRU
$bПБ им. Б.Н. Ельцина
$c20230908
$gRCR
$2rusmarc
850##$aРГИА
852##$aРГИА
$eФедеральное казенное учреждение "Российский государственный исторический архив" (РГИА)
$j606
937##$hРГИА
$d12399616
$aASBIBLIO_SCAN
035##$aRusGRCC00060113
856##$uhttp://readingroom.main.prlib.ru/item.aspx?id_node=n187425162&mode=full
Формат отображения